Logo BPK

Bibliografia Prac Pracowników

Politechniki Koszalińskiej

Analysis of velocity fields and temperature in thermal diode channel / (Rekord nr 8348)

Szczegóły MARC
000 -ETYKIETA REKORDU
podpole kontrolne o stałej długości 01099naa a22002297i 4500
003 - IDENTYFIKATOR NUMERU KONTROLNEGO REKORDU
podpole kontrolne KOSZ 005
005 - DATA OSTATNIEJ MODYFIKACJI REKORDU
podpole kontrolne 20180320111904.0
008 - POLE O STAŁEJ DŁUGOŚCI - DANE KONTROLNE
podpole kontrolne o stałej długości 160308s2004 pl ||||| ||||1|| 0 eng
035 ## - NUMER SYSTEMOWY
Numer systemowy przejętego rekordu PBN-R:248936
040 ## - ŹRÓDŁO KATALOGOWANIA
Instytucja, która utworzyła rekord KOSZ 005/md
Instytucja, która sporządziła opis PBN-ID
041 0# - KOD JĘZYKA
Kod języka tekstu eng
100 ## - NAZWA OSOBOWA
Nazwa osobowa DUTKOWSKI, Krzysztof.
Lata pracy 1996 - .
Instytucja Politechnika Koszalińska - Wydział Mechaniczny,
Wydział Katedra Techniki Cieplnej i Chłodnictwa
245 10 - TYTUŁ/ODPOWIEDZIALNOŚĆ
Tytuł Analysis of velocity fields and temperature in thermal diode channel /
Pozostałe elementy strefy tytułu i oznaczenia odpowiedzialności Krzysztof Dutkowski, Wiesław Szada-Borzyszkowski.
260 ## - STREFA ADRESU WYDAWNICZEGO
Data publikacji, dystrybucji/powstania dokumentu 2004.
650 #0 - HASŁO PRZEDMIOTOWE W FORMIE NAZWY OGÓLNEJ LUB JEDNOSTKOWEJ
Nazwa ogólna lub geograficzna Chapter in a book.
650 #0 - HASŁO PRZEDMIOTOWE W FORMIE NAZWY OGÓLNEJ LUB JEDNOSTKOWEJ
Nazwa ogólna lub geograficzna Rozdział w książce.
655 #0 - TERMIN INDEKSOWY - OKREŚLENIE RODZAJU/FORMY DOKUMENTU
Określnie rodzaju/formy dokumentu Materiały konferencyjne.
700 ## - HASŁO DODATKOWE - NAZWA OSOBOWA
Nazwa osobowa SZADA-BORZYSZKOWSKI, Wiesław.
711 ## - HASŁO DODATKOWE - NAZWA IMPREZY
Nazwa imprezy International Symposium on Heat Transfer and Renewable Sources of Energy
Oznaczenie części/sekcji dzieła (10 ;
Data imprezy 2004 ;
Miejsce imprezy Szczecin-Międzyzdroje, Polska).
773 08 - TYTUŁ DOKUMENTU MACIERZYSTEGO
Wyrażenie wprowadzające W :
Tytuł Proceedings of the 10th International Symposium on Heat Transfer and Renewable Sources of Energy -
Adres wydawniczy Szczecin : Wydaw. Uczelniane Politechniki szczecińskiej, 2004. -
Informacje dotyczące relacji s. 503-570
942 ## - HASŁO DODATKOWE - ELEMENTY(KOHA)
Typ dokumentu Rozdział
Schemat klasyfikacji Uniwersalna klasyfikacja dziesiętna

Brak dostępnych egzemplarzy.

© 2014 Biblioteka Politechniki Koszalińskiej :: BIBLIOGRAFIA PRAC PRACOWNIKÓW